000
00251nam a22001217a 4500
082
_a
894.812.3
_b
MAD/V
100
_a
MADHAVIKKUTTY
245
_a
VAKEELAMMAVAN
260
_a
KANNUR
_b
KAIRALI BOOKS
_c
2006
300
_a
192
520
_a
NOVEL
942
_c
BK
999
_c
7772
_d
7772